Cultural sensitivity in positive youth development evolution and cross-cultural examination of PYD measurement tools : [abstract] /

Elmentve itt :
Bibliográfiai részletek
Szerzők: Yuan Gangxuan
Pikó Bettina
Testületi szerző: XX. Pedagógiai Értékelési Konferencia
Dokumentumtípus: Könyv része
Megjelent: Szegedi Tudományegyetem, Neveléstudományi Doktori Iskola Szeged 2024
Sorozat:Pedagógiai Értékelési Konferencia 20
Kulcsszavak:Pedagógiai kutatás - előadáskivonat, Személyiséglélektan - serdülőkor - előadáskivonat, Mentálhigiéné - serdülőkor - előadáskivonat, Serdülőkor lélektana - előadáskivonat
Tárgyszavak:
Online Access:http://acta.bibl.u-szeged.hu/85482
LEADER 01165naa a2200241 i 4500
001 acta85482
005 20240912144033.0
008 240912s2024 hu o 100 eng d
020 |a 978-963-306-982-0 
040 |a SZTE Egyetemi Kiadványok Repozitórium  |b hun 
041 |a eng 
100 1 |a Yuan Gangxuan 
245 1 0 |a Cultural sensitivity in positive youth development  |h [elektronikus dokumentum] :  |b evolution and cross-cultural examination of PYD measurement tools : [abstract] /  |c  Yuan Gangxuan 
260 |a Szegedi Tudományegyetem, Neveléstudományi Doktori Iskola  |b Szeged  |c 2024 
300 |a 90 
490 0 |a Pedagógiai Értékelési Konferencia  |v 20 
650 4 |a Társadalomtudományok 
650 4 |a Pszichológia 
650 4 |a Oktatástudomány 
695 |a Pedagógiai kutatás - előadáskivonat, Személyiséglélektan - serdülőkor - előadáskivonat, Mentálhigiéné - serdülőkor - előadáskivonat, Serdülőkor lélektana - előadáskivonat 
700 0 1 |a Pikó Bettina  |e aut 
711 |a XX. Pedagógiai Értékelési Konferencia  |c Szeged  |d 2024. április 25-27. 
856 4 0 |u http://acta.bibl.u-szeged.hu/85482/1/pek_2024_090.pdf  |z Dokumentum-elérés